| 000 | 00000nam 2200000za 4500 |
| 001 | 9.603236 |
| 003 | CaOODSP |
| 005 | 20221107134154 |
| 007 | cr ||||||||||| |
| 008 | 150406s1999 onc|||||o f00| 0 fre d |
| 040 | |aCaOODSP|bfre |
| 043 | |an-cn--- |
| 086 | 1 |aM22-132/6-1999F-PDF |
| 110 | 1 |aCanada. |bRessources naturelles Canada. |
| 245 | 10|aTable des nouvelles mesures volontaires, rapport sur les options / |h[ressource électronique]|cpréparé pour La Table de concertation sur les nouvelles mesures volontaires par Resource Futures International ; en collaboration avec Paul Griss ... [et al.]. |
| 260 | |aOttawa : |bLa Table,|c1999. |
| 300 | |a119p.|bréférences, tableaux |
| 500 | |a«En collaboration avec : Paul Griss, Le Conference Board du Canada, Le Canadian Centre for Pollution Prevention, Le Fonds commercial de l’IIDD». |
| 590 | |a12-10-Supp|b2012-03-23 |
| 775 | 08|tEnhanced Voluntary Action Issue Table, options report / |w(CaOODSP)9.572994 |
| 776 | 0#|tNouvelles mesures volontaires / |w(CaOODSP)9.625310 |
| 856 | 40|ahttp://publications.gc.ca|qPDF|s865 Ko|uhttps://publications.gc.ca/collections/Collection/M22-132-6-1999F.pdf |